000 00562nam a2200205 4500
003 SEACOMEC
005 20240403142112.0
008 231005b |||||||| |||| 00| 0 eng d
020 _cRs. 275.00
040 _aSEACOMEC
082 _a620.1
_bR161
100 1 _aRajsekaran, S.
245 1 _aFundamentals of Engineering Mechanics
_cS. Rajsekaran and G. Sankarasubramanian
250 _a3rd Ed.
260 _aNew Delhi
_bVikas
_c2005
650 _aEngineering
650 _aEngineering mechanics and Materials
700 1 _aSankarasubramanian, G.
942 _cBOOK
999 _c81
_d81